<?xml version="1.0" encoding="UTF-8"?><?xml-stylesheet type="text/xsl" href="static/style.xsl"?><OAI-PMH xmlns="http://www.openarchives.org/OAI/2.0/" xmlns:xsi="http://www.w3.org/2001/XMLSchema-instance" xsi:schemaLocation="http://www.openarchives.org/OAI/2.0/ http://www.openarchives.org/OAI/2.0/OAI-PMH.xsd"><responseDate>2026-06-02T07:26:15Z</responseDate><request verb="GetRecord" identifier="oai:riuma.uma.es:10630/38675" metadataPrefix="marc">https://riuma.uma.es/rest/oai/request</request><GetRecord><record><header><identifier>oai:riuma.uma.es:10630/38675</identifier><datestamp>2026-02-03T12:48:25Z</datestamp><setSpec>com_10630_4046</setSpec><setSpec>com_10630_10</setSpec><setSpec>col_10630_37938</setSpec></header><metadata><record xmlns="http://www.loc.gov/MARC21/slim" xmlns:dcterms="http://purl.org/dc/terms/" xmlns:doc="http://www.lyncode.com/xoai" xmlns:xsi="http://www.w3.org/2001/XMLSchema-instance" xsi:schemaLocation="http://www.loc.gov/MARC21/slim http://www.loc.gov/standards/marcxml/schema/MARC21slim.xsd">
   <leader>00925njm 22002777a 4500</leader>
   <datafield ind2=" " ind1=" " tag="042">
      <subfield code="a">dc</subfield>
   </datafield>
   <datafield ind2=" " ind1=" " tag="720">
      <subfield code="a">Pacheco Mangas, Javier</subfield>
      <subfield code="e">author</subfield>
   </datafield>
   <datafield ind2=" " ind1=" " tag="720">
      <subfield code="a">Palma-García, María de las Olas</subfield>
      <subfield code="e">author</subfield>
   </datafield>
   <datafield ind2=" " ind1=" " tag="260">
      <subfield code="c">2015</subfield>
   </datafield>
   <datafield ind2=" " ind1=" " tag="520">
      <subfield code="a">El sistema de servicios sociales en nuestro país, tal y como lo conocemos, comienza a&#xd;
implantarse durante la década de 1980. En este periodo, se consolida un nuevo modelo&#xd;
de servicios sociales, reconvirtiendo y reformando las estructuras ya existentes. En este&#xd;
contexto, con la llegada de las primeras leyes autonómicas de servicios sociales,&#xd;
aparecen los servicios sociales de atención primaria (con la denominación de servicios&#xd;
sociales comunitarios en el caso de Andalucía) que bajo el cobijo de los Ayuntamientos,&#xd;
innovan y se definen como organización, transcendiendo a la beneficencia municipal&#xd;
que había existido hasta no hace mucho.&#xd;
La profesión del trabajo social, nacida de la sociedad posterior a la revolución&#xd;
industrial y acostumbrada a actuar en contextos de gran adversidad, se ha consolidado&#xd;
en nuestro país paralela al desarrollo de los sistemas públicos de servicios sociales,&#xd;
creando su propia identidad y cuerpo teórico, de manera que el desarrollo de su práctica&#xd;
ha llevado aparejado un avance en el ámbito académico que la ha situado al nivel de&#xd;
otras disciplinas científicas. La situación de crisis económica, los discursos y estrategias de austeridad&#xd;
implican en las sociedades capitalistas el replanteamiento de muchas estructuras de&#xd;
bienestar. De esta forma, el sistema de servicios sociales debe adaptar su acción a una&#xd;
nueva realidad social y a un contexto económico, donde es necesario desarrollar nuevas&#xd;
fórmulas de actuación, creativas, proactivas y resilientes, procurando ya no sólo la&#xd;
supervivencia, sino adaptarse y ofrecer las respuestas adecuadas en nuevo escenario.</subfield>
   </datafield>
   <datafield ind1="8" ind2=" " tag="024">
      <subfield code="a">978-84-606-8099-4</subfield>
   </datafield>
   <datafield ind1="8" ind2=" " tag="024">
      <subfield code="a">https://hdl.handle.net/10630/38675</subfield>
   </datafield>
   <datafield tag="653" ind2=" " ind1=" ">
      <subfield code="a">Investigación activa en educación</subfield>
   </datafield>
   <datafield tag="653" ind2=" " ind1=" ">
      <subfield code="a">Enseñanza - Innovaciones</subfield>
   </datafield>
   <datafield tag="653" ind2=" " ind1=" ">
      <subfield code="a">Creatividad (Educación)</subfield>
   </datafield>
   <datafield ind2="0" ind1="0" tag="245">
      <subfield code="a">Resiliencia y creatividad en Servicios Sociales Comunitarios</subfield>
   </datafield>
</record>
</metadata></record></GetRecord></OAI-PMH>